O palácio da minha fada princesa (Record no. 126886)

MARC details
000 -LÍDER
campo de controle de tamanho fixo 00835 a2200229 4500
001 - NÚMERO DE CONTROLE
campo de controle 126886
020 ## - ISBN - INTERNATIONAL STANDARD BOOK NUMBER
ISBN - International Standard Book Number 9788538019206
040 ## - FONTE DA CATALOGAÇÃO
Instituição que transcreveu o registro Escola Canadense de Niteroi
090 ## - NÚMERO DE CHAMADA LOCAL
Número de chamada (OCLC) (R); Número de chamada, CALL (RLIN) (NR) BAT
100 ## - ENTRADA PRINCIPAL--NOME PESSOAL
Nome pessoal Bateson, Maggie
245 10 - TÍTULO
Título O palácio da minha fada princesa
300 ## - DESCRIÇÃO FÍSICA
Extensão 12 p.
Outros detalhes físicos il.
Dimensões 5 x 27,5 x 2 cm. (capa dura)
362 0# - DATAS DE PUBLICAÇÃO E/OU DESIGNAÇÃO SEQUENCIAL
Datas de publicação e/ou designação sequencial 2012
490 0# - TÍTULO DA SÉRIE
Título da série Pop-up princesas e fadas
520 ## - NOTA DE RESUMO, ETC
Resumo, etc. Bem-vindo à terra das fadas! Entre e explore o lugar mais lindo com fadas. Veja o esplendor do salão Suga-Mel, espie o quarto Campânula e dance a noite toda no maravilhoso salão rosa! O livro vem com 6 lindas salas com mobília em pop-up. São 14 princesas para brincar.
650 #4 - ASSUNTO--TERMO TÓPICO
Cabeçalho tópico ou nome geográfico Livros de Abas
650 #4 - ASSUNTO--TERMO TÓPICO
Cabeçalho tópico ou nome geográfico Livros Pop-Up
650 #4 - ASSUNTO--TERMO TÓPICO
Cabeçalho tópico ou nome geográfico Literatura Infantil
650 #4 - ASSUNTO--TERMO TÓPICO
Cabeçalho tópico ou nome geográfico Livros Interativos
650 #4 - ASSUNTO--TERMO TÓPICO
Cabeçalho tópico ou nome geográfico Fadas
942 ## - ELEMENTOS DE ENTRADA ADICIONADOS (KOHA)
Tipo de material Koha Livros
Holdings
Situação do descarte Situação das perdas Situação física Não pode ser emprestado Biblioteca de origem Biblioteca atual Data de aquisição Total de empréstimos Número de chamada completo Código de barras Devolução em Data de último acesso Data do último empréstimo Data do preço efetivo Tipo de material Koha
        Canadian School of Niterói - Piratininga Canadian School of Niterói - Piratininga 09/02/2024 3 BAT A23015 28/06/2024 21/06/2024 21/06/2024 09/02/2024 Livros